| 000 | 02042nam a22002177a 4500 | ||
|---|---|---|---|
| 003 | OSt | ||
| 005 | 20251113152910.0 | ||
| 008 | 251113b |||||||| |||| 00| 0 eng d | ||
| 040 | _cDCL | ||
| 082 | _aT-4 B.A | ||
| 100 |
_aဂုဏာစာရ၊ _cအရှင် _bစ. စ. ရ-၂၀ |
||
| 245 |
_aမဟာဗုဒ္ဓဝင် ပဌမတွဲ (ပဌမပိုင်း) အနုဒီပနီ လေ့လာသုံးသပ်ခြင်း (စာမျက်နှာ ဓိ မှ လိအထိ) / _cအရှင်ဂုဏာစာရ။ |
||
| 264 |
_aရန်ကုန ၊ _bနိုင်ငံတော် ပရိယတ္တိသာသနာ့တက္ကသိုလ်(ရန်ကုန်)၊ _c၂၀၀၆။ |
||
| 300 |
_aဈ၊ ၆၉ စာမျက်နှာ ၊ _c၃၀ စင်တီ။ |
||
| 500 | _aနိုင်ငံတော် ပရိယတ္တိသာသနာ့တက္ကသိုလ်(ရန်ကုန်)၊ သာသနတက္ကသီလာ ဓမ္မာစရိယ B.A (Buddhism) ဘွဲ့အတွက် တင်သွင်းသောစာတမ်း ဖြစ်ပါသည်။ | ||
| 500 | _aကျမ်းကိုးစာရင်းပါဝင်သည်။ | ||
| 502 | _aဤစာစုစာရင်းတွင် အပိုင်း(၄) ပိုင်းခွဲကာတင်ပြထားသည်။ အပိုင်း(၁) တွင် အကြောင်းအရာအကျဉ်းနှင့်ရည်ရွယ်ချက်၊ အပိုင်း(၂) တွင် သီလပါရမီခန်းကိုလေ့လာခြင်း၊ အပိုင်း(၃) တွင် ဝိရိယ ပါရမီခန်း ၊ အပိုင်း(၄) တွင် အရေးအသားလေ့လာပုံကိုတင်ပြခြင်း ဟူ၍ ဖြစ်သည်။ | ||
| 650 | _aB.A (Buddhism) | ||
| 650 | _aမဟာဗုဒ္ဓဝင် | ||
| 942 |
_2ddc _cTHS _n0 |
||
| 999 |
_c2464 _d2464 |
||